000 00778nam a2200253Ia 4500
003 OSt
005 20221005103614.0
006 a|||||r|||| 00| 0
007 ta
008 221004b |||||||| |||| 00| 0 hin d
024 _a107638
037 _cTextual
040 _aCRL
_cCRL
_bhin
041 _2hin
_ahin
082 _aO152,1M86,15, L4
100 _aगुप्त, मैथिलीशरण
245 0 _aद्वापर
246 _aDvāpara
260 _aझॉंसी
_bसाहित्य - सदन भारत
_c1970
300 _a222पृ0
_ccm.
650 _aहिन्दी साहित्य
942 _hO152,1M86,15, L4
_cTEXL
_2cc
999 _c1010411
_d1010411